Ma vie dans l'art / (Record no. 148220)

MARC details
000 -LEADER
campo de control de longitud fija 00840nam a2200229 4500
001 - NÚMERO DE CONTROL
campo de control 148220
003 - IDENTIFICADOR DE NÚMERO DE CONTROL
campo de control ES-MaACL
005 - FECHA Y HORA DE LA ÚLTIMA TRANSACCIÓN
campo de control 20240412063009.0
007 - CAMPO FIJO DE DESCRIPCIÓN FÍSICA--INFORMACIÓN GENERAL
campo de control de longitud fija t|
008 - DATOS DE LONGITUD FIJA--INFORMACIÓN GENERAL
campo de control de longitud fija 070214s1934 fr r ||||1| fre d
100 0# - ENTRADA PRINCIPAL--NOMBRE DE PERSONA
Nombre de persona Stanislavskiï, Konstantin Sergueevich,
Fechas asociadas al nombre 1863-1938
9 (RLIN) 107899
245 10 - MENCIÓN DEL TÍTULO
Título Ma vie dans l'art /
Mención de responsabilidad, etc. Konstantin Sergueevich Stanislavskiï ; traduction de Nina Gourfinkel et Léon Chancerel ; preface de Jacques Copeau.
260 ## - PUBLICACIÓN, DISTRIBUCIÓN, ETC.
Lugar de publicación, distribución, etc. Paris :
Nombre del editor, distribuidor, etc. [s. n.],
Fecha de publicación, distribución, etc. 1934.
300 ## - DESCRIPCIÓN FÍSICA
Extensión 263 p., 6 lám. ;
Dimensiones 25 cm.
490 1# - MENCIÓN DE SERIE
Mención de serie Bibliotheque de l'amateur de théatre ;
Designación de volumen o secuencia 3
700 1# - ENTRADA AGREGADA--NOMBRE PERSONAL
Nombre de persona Gourfinkel, Nina.
9 (RLIN) 59359
700 1# - ENTRADA AGREGADA--NOMBRE PERSONAL
Nombre de persona Chancerel, Léon.
9 (RLIN) 37943
700 1# - ENTRADA AGREGADA--NOMBRE PERSONAL
Nombre de persona Copeau, Jacques.
9 (RLIN) 40404
830 0# - PUNTO DE ACCESO ADICIONAL DE SERIE-TÍTULO UNIFORME
Título uniforme Bibliotheque de l'amateur de théatre ;
Designación de volumen o secuencia 3
9 (RLIN) 183464
852 ## - LOCALIZACIÓN
Ubicación ES-MaACL
Número de control de estantería C-5686
Holdings
Estatus retirado Estado de pérdida Estado de daño No para préstamo Biblioteca de origen Biblioteca actual Ubicación en estantería Fecha de adquisición Fuente de adquisición Total de préstamos Signatura topográfica completa Código de barras Visto por última vez Precio de reemplazo Tipo de ítem Koha
        Biblioteca del Ateneo de Madrid Biblioteca del Ateneo de Madrid Sala Palomar 17/01/2008     C-5686 1154682 23/02/2023 23/02/2023 Libro impreso